[Event "Lichtenberger Sommer"]
[Site "Berlin"]
[Date "2009.08.17"]
[Round "3.70"]
[White "Brüning, Wolfgang"]
[Black "Llacer Bosbach, Ana"]
[Result "1-0"]
[WhiteElo "1946"]
[BlackElo "1492"]
[PlyCount "81"]
[EventDate "2009.??.??"]
[WhiteTeam "Queer-Springer SSV Berlin"]
[BlackTeam "CIM Benimaclet - Valencia"]

1. d4 d5 2. c4 e6 3. Nf3 Nd7 4. g3 Ngf6 5. Bg2 Be7 6. O-O O-O 7. Qc2 c5 8. dxc5
Bxc5 9. cxd5 exd5 10. Nc3 d4 11. Na4 Bb6 12. Nxb6 Qxb6 13. Rd1 Qc5 14. Qxc5
Nxc5 15. Nxd4 Bg4 16. h3 Bh5 17. Bf4 a5 18. Rac1 Ne6 19. Nxe6 fxe6 20. g4 Bf7
21. Bxb7 Ra7 22. Bf3 Nd5 23. Bg3 Rd7 24. Rc5 Ra7 25. a3 h6 26. Be5 a4 27. Rdc1
Ne7 28. Rc7 Rxc7 29. Rxc7 Ng6 30. Bc3 Nf4 31. h4 Nd5 32. Bxd5 exd5 33. Ra7 Re8
34. Rxa4 Rxe2 35. Ra8+ Kh7 36. Ra7 Kg8 37. Kg2 Re4 38. Kf3 Rc4 39. Rd7 g5 40.
Rd8+ Kh7 41. Rh8+ 1-0

[Event "Lichtenberger Sommer"]
[Site "Berlin"]
[Date "2009.08.17"]
[Round "3.71"]
[White "Gülke, Volker"]
[Black "Geldner, Gerrit"]
[Result "1-0"]
[WhiteElo "2168"]
[BlackElo "1091"]
[PlyCount "43"]
[EventDate "2009.??.??"]
[WhiteTeam "SV Eutin von 1875"]
[BlackTeam "SC Friesen Lichtenberg e.V."]

1. e4 c5 2. Na3 Nc6 3. f4 d6 4. Bb5 Bd7 5. Nf3 g6 6. c3 Bg7 7. O-O e6 8. Nc4
Qc7 9. Qe2 a6 10. Bxc6 Bxc6 11. e5 dxe5 12. fxe5 Bf8 13. Ng5 Nh6 14. d3 O-O-O
15. Ne4 Nf5 16. a4 Bxe4 17. dxe4 Ng7 18. Bg5 Rd7 19. a5 Be7 20. Nb6+ Kb8 21.
Nxd7+ Qxd7 22. Rxf7 1-0

[Event "Lichtenberger Sommer"]
[Site "Berlin"]
[Date "2009.08.17"]
[Round "3.72"]
[White "Gabriel, Liem Thanh"]
[Black "Just, Detlef"]
[Result "1/2-1/2"]
[WhiteElo "1790"]
[BlackElo "1932"]
[PlyCount "102"]
[EventDate "2009.??.??"]
[WhiteTeam "Treptower SV 1949 e.V."]
[BlackTeam "SC Zugzwang 95 e.V."]

1. e4 d5 2. exd5 Qxd5 3. Nc3 Qa5 4. Nf3 Bg4 5. Be2 Nf6 6. d3 Nc6 7. O-O e6 8.
Be3 Bb4 9. Bd2 Rd8 10. a3 Bxc3 11. Bxc3 Qb6 12. Nd2 Bxe2 13. Qxe2 Nd4 14. Bxd4
Qxd4 15. b4 h5 16. Nb3 Qd5 17. Rad1 Rh6 18. c4 Qg5 19. Qf3 Rg6 20. Rfe1 Kf8 21.
d4 c6 22. Re5 Qg4 23. Qxg4 hxg4 24. Re3 b6 25. a4 Rg5 26. Rde1 Nd7 27. Rg3 Nf6
28. h3 Rg6 29. f3 gxf3 30. Rxg6 fxg6 31. Rxe6 b5 32. axb5 cxb5 33. c5 fxg2 34.
Kxg2 Nd5 35. Ra6 Nxb4 36. Rxa7 Nc6 37. Rb7 b4 38. Rb6 Nxd4 39. Rxb4 Nc2 40.
Rf4+ Ke7 41. Kg3 Rd3+ 42. Rf3 Ne3 43. Kf2 Nd1+ 44. Ke2 Rd8 45. Na5 Ke6 46. c6
Nb2 47. Rc3 Na4 48. Rc2 Nb6 49. c7 Ra8 50. Rc6+ Kd7 51. Rxb6 Rxa5 1/2-1/2

[Event "Lichtenberger Sommer"]
[Site "Berlin"]
[Date "2009.08.17"]
[Round "3.73"]
[White "Radloff, Rainer"]
[Black "Schmalzried, Volker"]
[Result "1-0"]
[WhiteElo "1681"]
[BlackElo "1875"]
[PlyCount "79"]
[EventDate "2009.??.??"]
[WhiteTeam "SC Weiße Dame e.V."]
[BlackTeam "Umweltbundesamt"]

1. Nf3 c5 2. e3 Nc6 3. d4 cxd4 4. exd4 d5 5. c3 Nf6 6. Bd3 g6 7. Nbd2 Bg7 8.
O-O O-O 9. Re1 Re8 10. h3 Nd7 11. Re2 e5 12. dxe5 Ndxe5 13. Nxe5 Nxe5 14. Bc2
Be6 15. Nb3 d4 16. Nxd4 Bc4 17. Re3 Qb6 18. Qe1 Qf6 19. Be4 Bh6 20. Rg3 Bf4 21.
Bxf4 Qxf4 22. Re3 Rad8 23. g3 Qf6 24. Bg2 Re7 25. b3 Ba6 26. Rd1 Rde8 27. c4 b6
28. Rd2 Nd7 29. Rdd3 Nc5 30. Rxe7 Rxe7 31. Re3 Rd7 32. Re8+ Kg7 33. Nc6 Bb7 34.
Ne7 Bxg2 35. Kxg2 Nd3 36. Rg8+ Kh6 37. Qe3+ Qg5 38. Nf5+ Kh5 39. g4+ Qxg4+ 40.
hxg4+ 1-0

[Event "Lichtenberger Sommer"]
[Site "Berlin"]
[Date "2009.08.17"]
[Round "3.74"]
[White "Stiemerling, Karl-Heinz"]
[Black "Forster, Manfred"]
[Result "0-1"]
[WhiteElo "1766"]
[BlackElo "1636"]
[PlyCount "96"]
[EventDate "2009.??.??"]
[WhiteTeam "SG Eckturm"]
[BlackTeam "SK Singen"]

1. d4 Nf6 2. Nf3 d5 3. h3 e6 4. Bg5 c5 5. e3 Nc6 6. c3 Be7 7. dxc5 Bxc5 8. Bd3
e5 9. Bb5 Qd6 10. Bxf6 gxf6 11. Nbd2 Bd7 12. e4 a6 13. Ba4 O-O-O 14. exd5 Ne7
15. Ne4 Qb6 16. Bxd7+ Rxd7 17. Nxc5 Qxc5 18. c4 Nf5 19. g4 Nd6 20. b3 h5 21. g5
fxg5 22. Nxg5 Nf5 23. Qd2 Nd4 24. O-O-O f6 25. Ne4 Qf8 26. Qe3 f5 27. Ng5 Qe7
28. h4 Re8 29. Rhe1 Qa3+ 30. Kb1 Nc2 31. Qf3 Nxe1 32. Rxe1 Qb4 33. Re2 Qf8 34.
Ne6 Qf6 35. Qc3 Qxh4 36. Qxe5 Qg4 37. Qe3 h4 38. f3 Qg6 39. Qf4 Rh7 40. Kb2 h3
41. Ka3 Qf6 42. Rh2 Qe7+ 43. Ka4 b5+ 44. Ka5 Qa3+ 45. Kb6 Rb7+ 46. Kc6 Qa5 47.
c5 Rbe7 48. Qd6 b4 0-1

[Event "Lichtenberger Sommer"]
[Site "Berlin"]
[Date "2009.08.17"]
[Round "3.75"]
[White "Albinus, Günter"]
[Black "Maslov, Maxim"]
[Result "1/2-1/2"]
[WhiteElo "1875"]
[BlackElo "1412"]
[PlyCount "81"]
[EventDate "2009.??.??"]
[WhiteTeam "SG Weißensee 49 e.V."]
[BlackTeam "vereinslos"]

1. b3 e5 2. Bb2 Nc6 3. d3 d5 4. Nd2 Nf6 5. g3 Bd6 6. Bg2 Be6 7. e3 Qd7 8. Ne2
Bh3 9. O-O O-O-O 10. c4 Bxg2 11. Kxg2 h5 12. h4 Be7 13. d4 exd4 14. Nxd4 dxc4
15. Nxc4 Nxd4 16. Bxd4 Qd5+ 17. Qf3 Qxf3+ 18. Kxf3 Ng4 19. Rfc1 Bf6 20. Bxf6
Nxf6 21. Ne5 Rhf8 22. Rd1 Nd7 23. Nd3 Rfe8 24. Nf4 Ne5+ 25. Ke2 g6 26. Rxd8+
Rxd8 27. Rd1 Rxd1 28. Kxd1 Kd7 29. Ke2 Kd6 30. Nd3 Nxd3 31. Kxd3 c5 32. a4 b6
33. Kc4 a6 34. f3 Kc6 35. e4 b5+ 36. Kc3 Kd6 37. f4 Kc6 38. a5 Kd6 39. Kd3 Ke6
40. Kc3 f6 41. Kd3 1/2-1/2

[Event "Lichtenberger Sommer"]
[Site "Berlin"]
[Date "2009.08.17"]
[Round "3.76"]
[White "Torzinski, Nils"]
[Black "Fuchs, Joerg"]
[Result "0-1"]
[WhiteElo "1332"]
[BlackElo "1909"]
[PlyCount "77"]
[EventDate "2009.??.??"]
[WhiteTeam "SC Friesen Lichtenberg e.V."]
[BlackTeam "SC Kreuzberg e.V."]

1. e4 e5 2. Nf3 d6 3. Nc3 Nf6 4. Bc4 Be7 5. d3 O-O 6. O-O Nc6 7. Re1 Na5 8. Bd5
c6 9. Bb3 Nxb3 10. axb3 Bg4 11. Bg5 Nd7 12. Be3 f5 13. h3 Bxf3 14. Qxf3 fxe4
15. Qe2 exd3 16. Qxd3 a6 17. Qe2 d5 18. Nb1 Rf7 19. c3 Qc7 20. Nd2 Raf8 21. Nf3
Qd6 22. Rf1 Qg6 23. Nh2 Nc5 24. Bxc5 Bxc5 25. Ng4 Qf5 26. b4 Ba7 27. Rac1 h5
28. Ne3 Qg5 29. Kh1 Bxe3 30. fxe3 Rxf1+ 31. Rxf1 Rxf1+ 32. Qxf1 Qxe3 33. Qd1 g6
34. Qf1 Qf4 35. Qg1 e4 36. Qe1 e3 37. Kg1 Kg7 38. Qe2 Kf6 39. Qd3 0-1

[Event "Lichtenberger Sommer"]
[Site "Berlin"]
[Date "2009.08.17"]
[Round "3.77"]
[White "Kujawa, Werner"]
[Black "Richter, Dirk"]
[Result "1/2-1/2"]
[WhiteElo "1885"]
[BlackElo "1448"]
[PlyCount "42"]
[EventDate "2009.??.??"]
[WhiteTeam "SV Motor Wildau e.V."]
[BlackTeam "SG Lok Brandenburg, Abt. Schach"]

1. e4 Nf6 2. Nc3 d5 3. e5 Nfd7 4. d4 e6 5. f4 c5 6. Nf3 Nc6 7. Be3 Qb6 8. a3
cxd4 9. Nxd4 Bc5 10. Na4 Qa5+ 11. c3 Bxd4 12. Bxd4 Nxd4 13. Qxd4 a6 14. Qb4
Qxb4 15. cxb4 b5 16. Nc5 Nxc5 17. bxc5 Bb7 18. Bd3 g6 19. Kf2 Rc8 20. Rhc1 Kd7
21. g3 Rc7 1/2-1/2

[Event "Lichtenberger Sommer"]
[Site "Berlin"]
[Date "2009.08.17"]
[Round "3.78"]
[White "Schweitzer, Paul"]
[Black "Hamar, Dirk"]
[Result "1-0"]
[WhiteElo "1661"]
[BlackElo "1544"]
[PlyCount "73"]
[EventDate "2009.??.??"]
[WhiteTeam "SV Königsjäger Süd-West e.V."]
[BlackTeam "SV Eutin von 1875"]

1. Nf3 c6 2. e4 d5 3. exd5 cxd5 4. d3 Bg4 5. Nbd2 Nf6 6. Be2 Nc6 7. c3 e5 8.
Qa4 Bd6 9. h3 Bh5 10. g4 Bg6 11. Nf1 e4 12. dxe4 Bxe4 13. Ng3 Bxg3 14. fxg3 Qe7
15. O-O Qc5+ 16. Nd4 Kf8 17. Be3 Nxd4 18. Bxd4 Qd6 19. Qb4 Qxb4 20. cxb4 Nd7
21. Rac1 Ke7 22. Rc7 Ke6 23. g5 Rad8 24. a4 Rhe8 25. a5 a6 26. b5 axb5 27. Bxb5
Re7 28. Rxb7 Rc8 29. Ra7 Nb8 30. Rxe7+ Kxe7 31. a6 Rc2 32. Bf2 Nc6 33. Bxc6
Rxc6 34. a7 Ra6 35. b4 d4 36. Re1 Re6 37. Rxe4 1-0

[Event "Lichtenberger Sommer"]
[Site "Berlin"]
[Date "2009.08.17"]
[Round "3.79"]
[White "Bandsom, Olaf"]
[Black "Oberbacher, Michael"]
[Result "1-0"]
[WhiteElo "1786"]
[BlackElo "1301"]
[PlyCount "107"]
[EventDate "2009.??.??"]
[WhiteTeam "SC Friesen Lichtenberg e.V."]
[BlackTeam "SC Braunschweig Gliesmarode v. 1"]

1. e4 e5 2. Nf3 Nc6 3. Bc4 Bc5 4. c3 Nf6 5. d3 O-O 6. Bg5 d6 7. a4 a6 8. O-O
Bg4 9. Nbd2 Be6 10. Bxe6 fxe6 11. Qb3 Qd7 12. Qd1 Ba7 13. Be3 d5 14. Bxa7 Rxa7
15. exd5 exd5 16. Re1 Re8 17. Qb3 Kh8 18. Re2 Qf5 19. c4 d4 20. Rae1 h6 21. Ne4
Nxe4 22. Rxe4 Re7 23. Nxd4 Nxd4 24. Rxd4 exd4 25. Rxe7 Qg5 26. Qb4 a5 27. Qe1
Ra8 28. g3 Rc8 29. Re8+ Rxe8 30. Qxe8+ Kh7 31. Qe4+ Qg6 32. Qxd4 b6 33. Qe4
Qxe4 34. dxe4 Kg6 35. f4 Kf6 36. Kf2 g6 37. Ke3 c6 38. g4 Ke6 39. h4 Kf6 40.
e5+ Ke6 41. Ke4 Ke7 42. f5 gxf5+ 43. gxf5 Kf7 44. h5 Ke7 45. f6+ Ke6 46. b3 c5
47. Kf4 Kf7 48. Kf5 Ke8 49. Ke6 Kf8 50. f7 Kg7 51. Ke7 Kh7 52. Kf6 b5 53. f8=Q
bxa4 54. Qg7# 1-0

[Event "Lichtenberger Sommer"]
[Site "Berlin"]
[Date "2009.08.17"]
[Round "3.80"]
[White "Kammler, Hans-Joachim"]
[Black "Schönemann, Manfred"]
[Result "0-1"]
[WhiteElo "1276"]
[BlackElo "1820"]
[PlyCount "66"]
[EventDate "2009.??.??"]
[WhiteTeam "SG Eckturm"]
[BlackTeam "SV Turbine Berlin e.V."]

1. e4 c5 2. Nf3 d6 3. d4 cxd4 4. Nxd4 Nf6 5. Nc3 g6 6. Bd3 Bg7 7. O-O O-O 8.
Bd2 Nxe4 9. Nxe4 Bxd4 10. c3 Bg7 11. Qb3 Nc6 12. Rae1 Qc7 13. Bg5 Ne5 14. Bb1
Be6 15. Qc2 Bc4 16. Ng3 Bxf1 17. Kxf1 f6 18. Be3 f5 19. Bd4 b6 20. Kg1 Rac8 21.
Qe2 f4 22. Ne4 f3 23. Qe3 fxg2 24. Bxe5 Bxe5 25. Qh6 Bf4 26. Qh3 d5 27. Ng3 e5
28. Qxg2 e4 29. Kh1 Bxg3 30. hxg3 Rf6 31. Re3 Rcf8 32. Re2 Qf7 33. Kg1 e3 0-1

[Event "Lichtenberger Sommer"]
[Site "Berlin"]
[Date "2009.08.17"]
[Round "3.81"]
[White "Mohr, Horst"]
[Black "Hübner, Alan-Ari"]
[Result "1-0"]
[WhiteElo "1824"]
[BlackElo "1145"]
[PlyCount "39"]
[EventDate "2009.??.??"]
[WhiteTeam "SC Caissa Falkensee e.V."]
[BlackTeam "KSC Strausberg Abt. Schach"]

1. d4 c5 2. d5 Nf6 3. c4 e6 4. dxe6 dxe6 5. Qxd8+ Kxd8 6. Bg5 Be7 7. Nc3 Nbd7
8. O-O-O b6 9. Nf3 Ke8 10. Bf4 Ba6 11. b3 Ng4 12. Bg3 Nf8 13. e3 Ng6 14. Be2
Bf6 15. Ne4 Bb7 16. Nd6+ Ke7 17. Nxb7 Be5 18. Nxe5 N6xe5 19. h3 Rab8 20. hxg4
1-0

[Event "Lichtenberger Sommer"]
[Site "Berlin"]
[Date "2009.08.17"]
[Round "3.82"]
[White "Pitz, Marko"]
[Black "Hahn, Thomas"]
[Result "0-1"]
[WhiteElo "1478"]
[BlackElo "1826"]
[PlyCount "68"]
[EventDate "2009.??.??"]
[WhiteTeam "Greifswalder SV"]
[BlackTeam "SC Empor Potsdam 1952 e.V."]

1. d4 Nf6 2. f3 g6 3. e4 d6 4. Bc4 Bg7 5. Ne2 O-O 6. O-O Nbd7 7. Nbc3 c6 8. f4
b5 9. Bd3 b4 10. e5 bxc3 11. exf6 cxb2 12. Bxb2 Nxf6 13. f5 Nd5 14. Qd2 c5 15.
Be4 Rb8 16. fxg6 hxg6 17. Bxd5 Rxb2 18. Bb3 cxd4 19. Nf4 Bf5 20. Nh5 Qb6 21.
Nxg7 d3+ 22. Kh1 Kxg7 23. Qc3+ e5 24. Qxb2 dxc2 25. Rxf5 gxf5 26. Qxc2 f4 27.
Qe2 f5 28. Qh5 Qd4 29. Qg5+ Kh7 30. Rg1 e4 31. Qe7+ Qg7 32. Qxd6 Qh6 33. Qd7+
Kg6 34. Qxa7 Qxh2+ 0-1

[Event "Lichtenberger Sommer"]
[Site "Berlin"]
[Date "2009.08.17"]
[Round "3.83"]
[White "Rickmann, David"]
[Black "Steppan, Siegfried"]
[Result "1-0"]
[WhiteElo "1763"]
[BlackElo "1584"]
[PlyCount "49"]
[EventDate "2009.??.??"]
[WhiteTeam "SG Aufbau Elbe Magdeburg"]
[BlackTeam "SV Werder/H."]

1. e4 c6 2. d4 d5 3. Nc3 dxe4 4. Nxe4 Bf5 5. Ng3 Bg6 6. Bc4 e6 7. N1e2 Nf6 8.
O-O Be7 9. f4 O-O 10. f5 exf5 11. Nxf5 Nbd7 12. Nxe7+ Qxe7 13. Ng3 Qb4 14. Bb3
Rfe8 15. c3 Qb6 16. Kh1 Rad8 17. Nf5 Bh5 18. Qd2 c5 19. Qg5 Bg6 20. dxc5 Qxc5
21. Be3 Qf8 22. Bd4 h6 23. Nxh6+ gxh6 24. Qxg6+ Qg7 25. Bxf7+ 1-0

[Event "Lichtenberger Sommer"]
[Site "Berlin"]
[Date "2009.08.17"]
[Round "3.84"]
[White "Körner, Helmut"]
[Black "Gestrich, Wolfgang"]
[Result "1-0"]
[WhiteElo "1947"]
[BlackElo "1723"]
[PlyCount "105"]
[EventDate "2009.??.??"]
[WhiteTeam "Sfr.Nord-Ost Berlin"]
[BlackTeam "Potsdamer SV Mitte e.V."]

1. e4 d5 2. exd5 Qxd5 3. Nf3 Nf6 4. d4 c6 5. Nc3 Qd6 6. Be3 Bg4 7. Bd3 Bh5 8.
h3 e6 9. O-O Be7 10. Ne4 Nxe4 11. Bxe4 Bg6 12. Bxg6 hxg6 13. Qd2 f6 14. Rfe1 g5
15. Qd3 Rh6 16. h4 Nd7 17. hxg5 fxg5 18. Qd2 O-O-O 19. Nxg5 Rdh8 20. Nh3 Rxh3
21. gxh3 Rxh3 22. f4 Qd5 23. Qg2 Qh5 24. Bf2 Bf6 25. Re3 Rxe3 26. Bxe3 Nb6 27.
c3 Nc4 28. Re1 Kd7 29. Bc1 Qb5 30. Qe4 Qd5 31. Qxd5+ exd5 32. Kg2 Nd6 33. Kf3
Ne4 34. Rh1 b5 35. Re1 a5 36. Rxe4 dxe4+ 37. Kxe4 Ke6 38. b3 a4 39. bxa4 bxa4
40. c4 Kd6 41. f5 c5 42. Bf4+ Kc6 43. d5+ Kd7 44. Be5 Ke7 45. d6+ Kd7 46. Bxf6
gxf6 47. Kd5 a3 48. Kxc5 Kc8 49. Kd5 Kd7 50. c5 Kd8 51. Ke6 Ke8 52. c6 Kd8 53.
c7+ 1-0

[Event "Lichtenberger Sommer"]
[Site "Berlin"]
[Date "2009.08.17"]
[Round "3.85"]
[White "Wege, Hermann"]
[Black "Winz, Michael"]
[Result "1/2-1/2"]
[WhiteElo "1965"]
[BlackElo "1691"]
[PlyCount "58"]
[EventDate "2009.??.??"]
[WhiteTeam "Schachclub Rathenow e.V."]
[BlackTeam "SC Friesen Lichtenberg e.V."]

1. Nf3 Nf6 2. g3 d5 3. Bg2 c5 4. O-O Nc6 5. d3 e5 6. Nbd2 Be7 7. e4 d4 8. Re1
O-O 9. Nc4 Qc7 10. a4 Bg4 11. h3 Be6 12. b3 a6 13. a5 Nd7 14. Bd2 f5 15. exf5
Rxf5 16. g4 Rf7 17. Nb6 Nxb6 18. axb6 Qd6 19. c3 Raf8 20. c4 Bd8 21. Qe2 Bxb6
22. Rf1 Bc7 23. Qe4 h6 24. Nh4 Ne7 25. Rae1 Bd7 26. f3 Bc6 27. Qe2 Qf6 28. Qf2
Qd6 29. Qg3 Qf6 1/2-1/2

[Event "Lichtenberger Sommer"]
[Site "Berlin"]
[Date "2009.08.17"]
[Round "3.86"]
[White "Schneider, Eckehard"]
[Black "Paris, Gerhard"]
[Result "0-1"]
[WhiteElo "1787"]
[BlackElo "1671"]
[PlyCount "64"]
[EventDate "2009.??.??"]
[WhiteTeam "Sfrd. Berlin 1903 e.V."]
[BlackTeam "TSG Oberschöneweide e.V."]

1. e4 e5 2. Nf3 d6 3. Bc4 Nc6 4. d4 exd4 5. Nxd4 Ne5 6. Be2 Nf6 7. Nc3 g6 8.
O-O Bg7 9. Bg5 O-O 10. f4 Ned7 11. Qe1 c6 12. Qh4 Qb6 13. Qf2 Nxe4 14. Na4 Nxf2
15. Nxb6 Bxd4 16. Nxc8 Ne4+ 17. Kh1 Raxc8 18. Bh4 Bf6 19. Be1 Rce8 20. Bf3 d5
21. c4 dxc4 22. Rd1 Nec5 23. Bg4 Rd8 24. Bg3 Bxb2 25. Bh4 Nf6 26. f5 Rxd1 27.
Bxd1 Nce4 28. g4 g5 29. Be1 Bc3 30. Bc2 Bxe1 31. Rxe1 Re8 32. Kg2 Nc3 0-1

[Event "Lichtenberger Sommer"]
[Site "Berlin"]
[Date "2009.08.17"]
[Round "3.87"]
[White "Engelhardt, Erhard"]
[Black "Berg, Gerd"]
[Result "1-0"]
[WhiteElo "1818"]
[BlackElo "1657"]
[PlyCount "121"]
[EventDate "2009.??.??"]
[WhiteTeam "SSV Rotation Berlin e.V."]
[BlackTeam "SK König Tegel 1949 e.V."]

1. Nc3 Nf6 2. Nf3 e6 3. d4 d5 4. Bg5 Be7 5. e3 O-O 6. Bd3 Nc6 7. a3 a5 8. O-O
b6 9. Bxf6 Bxf6 10. Bb5 Bd7 11. Re1 Na7 12. Bxd7 Qxd7 13. Ne2 Nc6 14. Ng3 g6
15. c3 Bg7 16. e4 dxe4 17. Rxe4 a4 18. Qc2 Ra5 19. Rd1 Ne7 20. Ne5 Bxe5 21.
dxe5 Rd5 22. Red4 Rxd4 23. Rxd4 Qb5 24. f4 Qc5 25. Ne4 Qc6 26. Nf2 Nd5 27. Qxa4
Qxa4 28. Rxa4 Rd8 29. Rd4 c5 30. Rd2 Ra8 31. g3 Kg7 32. Ne4 Ra4 33. Nd6 Kf8 34.
Re2 Ra8 35. Kf2 Ne7 36. Rd2 Rb8 37. Ke2 Kg7 38. Nc4 Nd5 39. Ne3 Nxe3 40. Kxe3
Kf8 41. Rd6 Ke7 42. Kd3 b5 43. Kc2 f6 44. b3 fxe5 45. fxe5 Rf8 46. Rd2 Rf1 47.
Re2 Rf3 48. Kb2 Ke8 49. a4 bxa4 50. bxa4 c4 51. a5 Rf7 52. Ka3 Rb7 53. Rb2 Rc7
54. Rb6 Kd7 55. Kb4 Ra7 56. Kb5 h5 57. a6 g5 58. Rb8 Rc7 59. Rh8 h4 60. gxh4
gxh4 61. Rh7+ 1-0

[Event "Lichtenberger Sommer"]
[Site "Berlin"]
[Date "2009.08.17"]
[Round "3.88"]
[White "Tschirschwitz, Stephan"]
[Black "Metin, Altug"]
[Result "0-1"]
[WhiteElo "1561"]
[BlackElo "1600"]
[PlyCount "44"]
[EventDate "2009.??.??"]
[WhiteTeam "SG Lasker Steglitz-Wilmersdorf"]
[BlackTeam "vereinslos"]

1. d4 Nf6 2. c4 g6 3. Nc3 Bg7 4. e3 O-O 5. Bd3 d6 6. Nf3 Re8 7. h3 e5 8. dxe5
dxe5 9. e4 Na6 10. O-O Nc5 11. Bc2 Bd7 12. Qe2 Bc6 13. b3 Nh5 14. Qe3 Ne6 15.
Bb2 Nd4 16. Rac1 Nf4 17. Bb1 Bh6 18. Kh2 Kg7 19. Rcd1 Nxh3 20. Qe1 Nxf3+ 21.
gxf3 Qh4 22. Bc1 Nf4+ 0-1

[Event "Lichtenberger Sommer"]
[Site "Berlin"]
[Date "2009.08.17"]
[Round "3.89"]
[White "Samarian, Cornel"]
[Black "Stadelmann, Bernd"]
[Result "0-1"]
[WhiteElo "1811"]
[BlackElo "1409"]
[PlyCount "46"]
[EventDate "2009.??.??"]
[WhiteTeam "SC Pegasus Lohkirchen"]
[BlackTeam "SC Freibauer Schöneberg"]

1. d4 e5 2. dxe5 Nc6 3. Nf3 Qe7 4. Nbd2 Nxe5 5. Nxe5 Qxe5 6. Nf3 Qa5+ 7. c3 c6
8. e3 Nf6 9. Be2 d5 10. O-O Bd6 11. g3 Qc7 12. Ne1 Bh3 13. Ng2 O-O-O 14. Bd2 h5
15. Be1 g5 16. Qc2 h4 17. Rd1 hxg3 18. fxg3 Ne4 19. Bf3 Bf5 20. Bxe4 Bxe4 21.
Qf2 f5 22. Qd2 Rh3 23. Bf2 Rdh8 0-1

[Event "Lichtenberger Sommer"]
[Site "Berlin"]
[Date "2009.08.17"]
[Round "3.90"]
[White "Bolle, Dietrich"]
[Black "Schild, Reinhard"]
[Result "0-1"]
[WhiteElo "1374"]
[BlackElo "1593"]
[PlyCount "83"]
[EventDate "2009.??.??"]
[WhiteTeam "SG Eckturm"]
[BlackTeam "SG Weißensee 49 e.V."]

1. d4 d5 2. Nf3 c6 3. e3 Nf6 4. c4 e6 5. Bd3 Nbd7 6. O-O dxc4 7. Bxc4 b5 8. Be2
Bb7 9. Nbd2 a6 10. e4 c5 11. e5 Nd5 12. dxc5 Bxc5 13. Nb3 Ba7 14. Bg5 Qb6 15.
Rc1 Bb8 16. Nc5 Nxc5 17. Qd4 Ba7 18. Bh4 Nd7 19. Qg4 Kf8 20. Bd3 Bb8 21. Bg3
Ne7 22. Rfe1 h5 23. Qb4 a5 24. Qxb5 Qxb5 25. Bxb5 Nb6 26. Red1 Bd5 27. h4 Ba7
28. Nd4 Rc8 29. b3 g6 30. Bf4 Kg7 31. Bg5 Rxc1 32. Rxc1 Rc8 33. Bf6+ Kf8 34.
Bxe7+ Kxe7 35. Rxc8 Nxc8 36. Nc6+ Bxc6 37. Bxc6 Bd4 38. g3 Bxe5 39. f4 Bc3 40.
Kf2 Nd6 41. Kf3 Nf5 42. Bb5 0-1

[Event "Lichtenberger Sommer"]
[Site "Berlin"]
[Date "2009.08.17"]
[Round "3.91"]
[White "Küchler, Felix"]
[Black "Mildenberger, Hans"]
[Result "0-1"]
[WhiteElo "1714"]
[BlackElo "1628"]
[PlyCount "70"]
[EventDate "2009.??.??"]
[WhiteTeam "SC Friesen Lichtenberg e.V."]
[BlackTeam "BVG Helmholtz"]

1. e4 e6 2. d4 d5 3. e5 c5 4. c3 Qb6 5. Nf3 Nc6 6. Bd3 Bd7 7. Bc2 cxd4 8. cxd4
Bb4+ 9. Nc3 Nge7 10. O-O Nf5 11. Bxf5 exf5 12. Nxd5 Qa5 13. Nxb4 Nxb4 14. Bd2
Qb5 15. Qb3 Nd5 16. Qxb5 Bxb5 17. Rfc1 Bc6 18. Rc5 O-O 19. Rac1 Nc7 20. Bb4
Rfd8 21. R5c4 Ne6 22. Bd6 Bd5 23. R4c3 f6 24. Rd1 Kf7 25. Ne1 Rdc8 26. a3 Rxc3
27. bxc3 Rc8 28. Rc1 Nxd4 29. Rd1 Ne2+ 30. Kf1 Bc4 31. Nd3 Nxc3 32. Rd2 Ne4 33.
Rd1 fxe5 34. Bxe5 Rd8 35. f3 Nc5 0-1

[Event "Lichtenberger Sommer"]
[Site "Berlin"]
[Date "2009.08.17"]
[Round "3.92"]
[White "Koischwitz, Wanja"]
[Black "Möller, Dirk"]
[Result "1-0"]
[WhiteElo "1720"]
[BlackElo "1602"]
[PlyCount "55"]
[EventDate "2009.??.??"]
[WhiteTeam "Queer-Springer SSV Berlin"]
[BlackTeam "SC Kreuzberg e.V."]

1. d4 Nf6 2. Nf3 e6 3. e3 b6 4. Be2 Bb7 5. O-O d5 6. Nbd2 Bd6 7. b3 O-O 8. Bb2
Nbd7 9. Ne5 a6 10. f4 c5 11. Rf3 Ne4 12. Rh3 f5 13. Bd3 Ndf6 14. Ndf3 Ng4 15.
Qe2 b5 16. Bxe4 dxe4 17. Ng5 Rf6 18. Nxg4 fxg4 19. Qxg4 Rg6 20. Qh5 Qf6 21.
Qxh7+ Kf8 22. Rb1 c4 23. bxc4 bxc4 24. d5 c3 25. Bxc3 Qxc3 26. Qh8+ Ke7 27.
Rxb7+ Kf6 28. Rf7# 1-0

[Event "Lichtenberger Sommer"]
[Site "Berlin"]
[Date "2009.08.17"]
[Round "3.93"]
[White "Schröder, Gert"]
[Black "Wendland, Frank"]
[Result "0-1"]
[WhiteElo "1154"]
[BlackElo "1756"]
[PlyCount "107"]
[EventDate "2009.??.??"]
[WhiteTeam "SV Königsjäger Süd-West e.V."]
[BlackTeam "Treptower SV 1949 e.V."]

1. Nf3 Nf6 2. g3 d5 3. Bg2 c6 4. c3 Nbd7 5. O-O e6 6. a3 Be7 7. d3 O-O 8. Qc2
b6 9. Nbd2 Ba6 10. Rd1 Qc7 11. Nb3 Rfd8 12. d4 Rac8 13. Bf4 Bd6 14. e3 Bb5 15.
a4 Bc4 16. Nc1 a5 17. Nd3 Nh5 18. Bxd6 Qxd6 19. Nde5 Ba6 20. g4 Nhf6 21. h3 c5
22. c4 cxd4 23. exd4 Bxc4 24. Qb1 Ne4 25. Nxd7 Rxd7 26. Ne5 Rdc7 27. Bxe4 dxe4
28. Qxe4 Bd5 29. Qe3 Rc2 30. Rac1 Qc7 31. Nd3 Bb3 32. Nc5 Bxa4 33. b3 Rxc1 34.
Rxc1 Bb5 35. Nd3 Qd7 36. Ne5 Qd8 37. Rc3 Kf8 38. Qf3 Be8 39. Rc4 Rxc4 40. bxc4
Qxd4 41. Qa3+ Kg8 42. Nf3 Qd1+ 43. Kg2 Bc6 44. Qe3 Qxf3+ 45. Qxf3 Bxf3+ 46.
Kxf3 Kf8 47. Ke3 Ke7 48. Kd4 Kd6 49. f4 a4 50. Kc3 Kc5 51. h4 f5 52. gxf5 exf5
53. h5 h6 54. Kd3 0-1

[Event "Lichtenberger Sommer"]
[Site "Berlin"]
[Date "2009.08.17"]
[Round "3.94"]
[White "Heldt, Ronny"]
[Black "Mako, Attila"]
[Result "1-0"]
[WhiteElo "1112"]
[BlackElo "1756"]
[PlyCount "83"]
[EventDate "2009.??.??"]
[WhiteTeam "Treptower SV 1949 e.V."]
[BlackTeam "BSC Rehberge 1945 e.V."]

1. d4 d5 2. c4 c6 3. cxd5 cxd5 4. Nc3 a6 5. Bf4 Bf5 6. e3 e6 7. Nf3 Nf6 8. Bd3
Ne4 9. O-O Nc6 10. Bxe4 dxe4 11. Nd2 Nb4 12. Ndxe4 Be7 13. a3 Nd5 14. Nxd5 Bxe4
15. Nc3 Bc6 16. Qd2 O-O 17. Rfd1 Bg5 18. e4 Bxf4 19. Qxf4 f5 20. Qe3 fxe4 21.
Nxe4 Qd5 22. f3 h6 23. Nc3 Qh5 24. Qxe6+ Kh8 25. d5 Rae8 26. Qg4 Qxg4 27. fxg4
Bd7 28. h3 Rf6 29. Re1 Ref8 30. Rf1 Rxf1+ 31. Rxf1 Rxf1+ 32. Kxf1 Kg8 33. Ke2
Kf7 34. Kd3 Kf6 35. Kd4 g6 36. Kc5 b5 37. Kb6 Bc8 38. Kc7 Be6 39. dxe6 Kxe6 40.
Kb6 Kd6 41. Kxa6 Kc5 42. b4+ 1-0